Central Library OPAC University of Rajshahi

Public administration : (Record no. 5684)

MARC details
000 -LEADER
fixed length control field 00620nam a2200217 4500
001 - CONTROL NUMBER
control field 5684
003 - CONTROL NUMBER IDENTIFIER
rucl marc code BD-RjUL
005 - DATE AND TIME OF LATEST TRANSACTION
control field 20211208234117.0
008 - FIXED-LENGTH DATA ELEMENTS--GENERAL INFORMATION
fixed length control field 140106b2005 ii ||||| |||| 00| 0 eng d
020 ## - INTERNATIONAL STANDARD BOOK NUMBER
International Standard Book Number 8183560083
035 ## - SYSTEM CONTROL NUMBER
System control number (BD-RjUL)5723
040 ## - CATALOGING SOURCE
Original cataloging agency BD-RjUL
Language of cataloging eng
Transcribing agency BD-RjUL
041 ## - LANGUAGE CODE
Language code of text/sound track or separate title eng
082 04 - DEWEY DECIMAL CLASSIFICATION NUMBER
Classification number 350
Author mark and year PUB 2005
245 10 - TITLE STATEMENT
Title Public administration :
Remainder of title problems and prospects /
Statement of responsibility, etc. compiled & edited by R. K. Pruthi.
260 ## - PUBLICATION, DISTRIBUTION, ETC. (IMPRINT)
Place of publication, distribution, etc. New Delhi :
Name of publisher, distributor, etc. Discovery Publishing,
Date of publication, distribution, etc. 2005.
300 ## - PHYSICAL DESCRIPTION
Pagination 271 p. ;
Size 22 cm.
650 #0 - SUBJECT ADDED ENTRY--TOPICAL TERM
Topical term or geographic name as entry element Public administration.
9 (RLIN) 17847
700 1# - ADDED ENTRY--PERSONAL NAME
Personal name Pruthi, R. K.
942 ## - ADDED ENTRY ELEMENTS (KOHA)
Source of classification or shelving scheme Dewey Decimal Classification
Koha item type Books
Holdings
Lost status Source of classification or shelving scheme Damaged status Not for loan Collection code Permanent Location Current Location Shelving location Date acquired Source of acquisition Cost, normal purchase price Total Checkouts Full call number Date last seen Date checked out Copy number Koha item type
  Dewey Decimal Classification     Non-fiction Central Library, University of Rajshahi Central Library, University of Rajshahi   07/08/2007 Paragon Enterprise 700.00 2 350 PUB 2005 12/03/2016 19/12/2015 C-2 Books
  Dewey Decimal Classification     Non-fiction Central Library, University of Rajshahi Central Library, University of Rajshahi   07/08/2007 Paragogn Enterprise, Dhaka 700.00   350 PUB 2005 25/10/2016   C-3 Books